000 01094nam a2200229 a 4500
001 54265
003 BD-RjUL
005 20211209080109.0
008 161105r20001994bg ||||| |||| 00| 0 ben d
020 _c: TK 140.00
035 _a(BD-RjUL)54387
040 _aBD-RjUL
_bben
_cBD-RjUL
041 _aben
082 _223
_a615.853
_bGUJ 2000
100 _aগুজম্যান-ল্যাডিয়ান, হারমিনিয়া ডি
_9161956
245 1 0 _aজল-চিকিৎসার অপূর্ব বিধান :
_bফলপ্রসূ জল-চিকিৎসার নির্দেশনা /
_cহারমিনিয়া ডি গুজম্যান-ল্যাডিয়ান
260 _aঢাকা :
_bবাংলাদেশ এ্যাডভেন্টিষ্ট পাবলিশিং,
_c১৯৯৪ [মুদ্রণ ২০০০]
300 _a১১৯ পৃ. :
_bচিত্র ;
_c২১ সেমি.
650 _aHydrotherapy
_9161957
650 _aজলচিকিত্সা
_9161958
942 _2ddc
_cBK
999 _c54265
_d54265